Wiggins v Arun DC (Record no. 50230)
[ view plain ]
| 000 -LEADER | |
|---|---|
| fixed length control field | 01576cab a2200253 4500 |
| 001 - CONTROL NUMBER | |
| control field | ABS57362 |
| 008 - FIXED-LENGTH DATA ELEMENTS--GENERAL INFORMATION | |
| fixed length control field | 090401t1997 xxu||||| |||| 00| 0 eng d |
| 035 ## - SYSTEM CONTROL NUMBER | |
| System control number | (Sirsi) u79833 |
| 041 ## - LANGUAGE CODE | |
| Language code of text/sound track or separate title | eng |
| 245 ## - TITLE STATEMENT | |
| Title | Wiggins v Arun DC |
| 260 ## - PUBLICATION, DISTRIBUTION, ETC. | |
| Date of publication, distribution, etc. | 1997 |
| 350 ## - PRICE (NR) (BK AM CF MU VM SE) [OBSOLETE] | |
| Price | 0 |
| 490 ## - SERIES STATEMENT | |
| Series statement | Property and Compensation Reports |
| Volume/sequential designation | [1997] 74 P&CR 64-72(5) |
| 520 ## - SUMMARY, ETC. | |
| Summary, etc. | CA 14 November 1996. W was owner of land that had planning permission for use as a garden centre, with a 1980 agreement under the Town and Country Planning Act 1971 s52 not to sell goods other than those associated with garden use and fruit and vegetables. In 1981 W was granted concessions to sell other goods. In 1987 W was granted planning permission for certain works at the property with the planning authority (A) requiring W to enter into a new section 25 agreement; the main terms to mirror the 1980 agreement. W was concerned he would lose the benefits of the 1981 concessions, but signed the agreement following a side letter from A saying that it included the sale of a range of products identified in the current planning agreement. In 1990 A wrote to W contending that goods being sold contravened the 1987 agreement. In 1991 A were granted an injunction against such breaches. W`s appeal dismissed. |
| 650 ## - SUBJECT ADDED ENTRY--TOPICAL TERM | |
| Topical term or geographic name entry element | FARM PRODUCE |
| 650 ## - SUBJECT ADDED ENTRY--TOPICAL TERM | |
| Topical term or geographic name entry element | GARDEN CENTRES |
| 650 ## - SUBJECT ADDED ENTRY--TOPICAL TERM | |
| Topical term or geographic name entry element | PLANNING PERMISSION |
| 650 ## - SUBJECT ADDED ENTRY--TOPICAL TERM | |
| Topical term or geographic name entry element | SECTION 52 AGREEMENTS |
| 650 ## - SUBJECT ADDED ENTRY--TOPICAL TERM | |
| Topical term or geographic name entry element | TOWN AND COUNTRY PLANNING ACT 1971 S52 |
| 650 ## - SUBJECT ADDED ENTRY--TOPICAL TERM | |
| Topical term or geographic name entry element | WIGGINS V ARUN DC |
| 690 ## - LOCAL SUBJECT ADDED ENTRY--TOPICAL TERM (OCLC, RLIN) | |
| Topical term or geographic name as entry element | PLANNING LAW AND PRACTICE-CASE LAW |
| 942 ## - ADDED ENTRY ELEMENTS (KOHA) | |
| Suppress in OPAC | 0 |
| 948 ## - LOCAL PROCESSING INFORMATION (OCLC); SERIES PART DESIGNATOR (RLIN) | |
| c (OCLC) | 23/07/1997 |
| Withdrawn status | Lost status | Source of classification or shelving scheme | Damaged status | Not for loan | Home library | Current library | Shelving location | Date acquired | Total Checkouts | Full call number | Barcode | Date last seen | Copy number | Price effective from | Koha item type |
|---|---|---|---|---|---|---|---|---|---|---|---|---|---|---|---|
| Dewey Decimal Classification | London | London | Journal article | 14/09/1999 | ABS57362 | 79833-1001 | 06/08/2019 | 1 | 06/08/2019 | Law report |